The Smallest Man Who Ever Lived - Taylor Swift (All Lyrics) - Statistics

General Stats
  • This quiz has been taken 3,645 times
  • The average score is 272 of 313
Answer Stats
Lyrics % Correct
a
99%
A
99%
I
99%
You
99%
you
99%
you,
99%
the
98%
The
98%
Who
98%
who
98%
an
97%
ever
97%
lived
97%
lived?
97%
man
97%
me
97%
smallest
97%
we
97%
it
96%
some
96%
want
96%
Was
96%
was
96%
Were
96%
were
96%
And
95%
and
95%
be
95%
by
95%
Did
95%
did
95%
In
95%
in
95%
someone
95%
with
95%
your
95%
but
94%
But
94%
sleep
94%
bed?
93%
dead?
93%
gun
93%
just
93%
our
93%
to
93%
wanted
93%
all
92%
for
92%
my
92%
of
92%
on
92%
sent
92%
this
92%
underneath
92%
I'll
91%
what
91%
years,
90%
message
89%
will
89%
any
88%
book?
88%
'Cause
88%
don't
88%
fifty
88%
know
88%
say,
88%
that
88%
get
87%
"Good
87%
spy?
87%
true?
87%
why
87%
writin'
87%
you'll
87%
You'll
87%
give
86%
had,
86%
had
86%
wasn't
86%
won't
86%
could
85%
declassified?
85%
deserve
85%
If
85%
time
85%
died
84%
fuck
84%
inside
84%
never
84%
prison,
84%
back,
83%
forbidden
83%
forget
83%
forgive
83%
riddance"
83%
sins,
83%
guy?
82%
instead,
82%
said
82%
would've
82%
confess
81%
gone
81%
sexy
81%
are
80%
even
80%
goal
80%
like
80%
once
80%
sleeper
80%
you're
80%
girls
79%
mine
79%
miss
79%
morning
79%
summer
79%
boring
78%
friend
78%
From
78%
sparkling
78%
cell
77%
normal
77%
car
76%
feels
76%
friends
76%
Now
76%
party
76%
They
76%
buy
75%
crashed
75%
pills
75%
still
75%
at
74%
suit
74%
into
73%
tried
73%
Witness
73%
ghosted
72%
inboxes
72%
performing
72%
rental
72%
rusting
72%
off
71%
stage
71%
eyed
70%
through
70%
up
70%
out
69%
slide
69%
starry
69%
hid
68%
lights,
68%
bars
67%
didn't
67%
slip
67%
measure
66%
plain
66%
sight
66%
wall
66%
kicked
65%
Jehovah's
64%
her
63%
queen
63%
showed
63%
come
62%
Gazing
62%
public,
62%
hung
60%
pins
60%
push
59%
Then
59%
treat
59%
You'd
57%
Stabbed
56%
also
49%
oblivion
49%
ran
47%
sank
42%
stoned
42%
No matching quizzes found
Score Distribution
Percent of People with Each Score
Percentile by Number Answered
Your Score History
You have not taken this quiz